Malarial Subjects (Record no. 176915)

MARC details
000 -LEADER
fixed length control field 00373nam a22001697a 4500
005 - DATE AND TIME OF LATEST TRANSACTION
control field 20260309085134.0
020 ## - INTERNATIONAL STANDARD BOOK NUMBER
ISBN 9781107172364
041 ## - LANGUAGE CODE
Language code of text/sound track or separate title English
082 ## - DEWEY DECIMAL CLASSIFICATION NUMBER
Classification number 616.9362 Q17 ROY
100 ## - MAIN ENTRY--AUTHOR NAME
Personal name Roy Rohan Deb
245 ## - TITLE STATEMENT
Title Malarial Subjects
250 ## - EDITION STATEMENT
Edition statement 01
260 ## - PUBLICATION, DISTRIBUTION, ETC. (IMPRINT)
Place of publication USA
Name of publisher Cambridge University Press
Year of publication 2017
300 ## - PHYSICAL DESCRIPTION
Number of Pages 332
365 ## - TRADE PRICE
Price amount 5513.00
942 ## - ADDED ENTRY ELEMENTS (KOHA)
Koha item type Books
Holdings
Withdrawn status Lost status Home library Current library Date acquired Cost, normal purchase price Full call number Accession Number Cost, replacement price Department Koha item type
    PSG-CAS LIBRARY PSG-CAS LIBRARY 09/03/2026 5513.00 616.9362 Q17 ROY 153121 5513.00 General Books

Contact Us:

PSGCAS LIBRARY
Phone: 04224303300
Website: http://www.psgcas.ac.in/ | Email: psgcaslib@gmail.com


You are Visitor Number

web counter